书目信息 |
| 题名: |
绝版的优雅
|
|
| 作者: | 司徒佩琪 编著 | |
| 分册: | ||
| 出版信息: | 北京 中国长安出版社 2005.11 |
|
| 页数: | 237页 | |
| 开本: | 21cm | |
| 丛书名: | ||
| 单 册: | ||
| 中图分类: | K833.126 | |
| 科图分类: | ||
| 主题词: | 李英爱--传记 | |
| 电子资源: | ||
| ISBN: | 7-80175-362-3 | |
| 000 | 00723nam0 2200229 450 | |
| 001 | 1033715234 | |
| 005 | 20100712152957.67 | |
| 010 | @a7-80175-362-3@dCNY39.80 | |
| 100 | @a20100515d2005 em y0chiy0120 ea | |
| 101 | 0 | @achi |
| 102 | @aCN@b110000 | |
| 105 | @aa z 000yy | |
| 200 | 1 | @a绝版的优雅@Ajue ban de you ya@e李英爱@f司徒佩琪编著@Fsi tu pei qi bian zhu |
| 210 | @a北京@c中国长安出版社@d2005.11 | |
| 215 | @a237页@c图@d21cm | |
| 330 | @a出众的外表、精湛的演技,再加上氧气般自在舒畅的优雅气质,大长今让大家再度看见了李英爱的美。 | |
| 517 | 1 | @a李英爱@Ali ying ai |
| 606 | 0 | @a李英爱@x传记 |
| 690 | @aK833.126@v4 | |
| 701 | 0 | @a司徒佩琪@Asi tu pei qi@4编著 |
| 801 | 0 | @aCN@c20100515 |
| 905 | @dK833.126@eS703@f3 | |
| 绝版的优雅:李英爱/司徒佩琪编著.-北京:中国长安出版社,2005.11 |
| 237页:图;21cm |
| ISBN 7-80175-362-3:CNY39.80 |
| 出众的外表、精湛的演技,再加上氧气般自在舒畅的优雅气质,大长今让大家再度看见了李英爱的美。 |
| ● |
| 相关链接 |
|
|
|
正题名:绝版的优雅
索取号:K833.126/S703
 
预约/预借
| 序号 | 登录号 | 条形码 | 馆藏地/架位号 | 状态 | 备注 |
| 1 | 990435 | 209904353 | 社科库309/309社科库 60排5列4层/ [索取号:K833.126/S703] | 在馆 | |
| 2 | 990436 | 209904362 | 社科库309/309社科库 60排5列4层/ [索取号:K833.126/S703] | 在馆 | |
| 3 | 990437 | 209904371 | 社科库309/309社科库 60排5列4层/ [索取号:K833.126/S703] | 在馆 |